000 00779nam a2200265Ia 4500
003 OSt
005 20220928130552.0
006 a|||||r|||| 00| 0
007 ta
008 220927b |||||||| |||| 00| 0 eng d
020 _cUKP 76.99
024 _a133648
037 _b043, 08/03/2017, Excel Book International
_cTextual
040 _aSDCL
_cSDCL
_beng
041 _2eng
_aeng
082 _aB2812, Q7
100 _aKulkarni Vidyadhar G.
_9474661
245 0 _aModeling and analysis of stochastic systems
250 _a3rd
260 _aBoca Raton
_b CRC Press
_c2016
300 _axxi,583p.
_ccm.
650 _aI I C
942 _hB2812, Q7
_cTEXL
_2CC
999 _c787226
_d787226